[Event "XXXV Memorial Edoardo Crespi A"]
[Site "Milano ITA"]
[Date "2014.12.08"]
[Round "7"]
[White "Ziedins, Roberts"]
[Black "Cordi', Domenico"]
[WhiteElo "1770"]
[BlackElo "2033"]
[Result "0-1"]
[PlyCount "104"]
[EventDate "2014.12.04"]

1. e4 c5 2. Nf3 d6 3. d4 cxd4 4. Nxd4 Nf6 5. Nc3 a6 6. Bg5 e6 7. Be2 Be7 8.
Bxf6 Bxf6 9. O-O Qb6 10. Nb3 O-O 11. Kh1 Qc7 12. Qd2 b5 13. a3 Bb7 14. Bd3 Nd7
15. Nc1 Rac8 16. N1e2 Nb6 17. f4 Nc4 18. Bxc4 bxc4 19. f5 Rb8 20. fxe6 fxe6 21.
Rfd1 Be5 22. Nd4 Qe7 23. Re1 Ba8 24. Rab1 Qf6 25. Nde2 Qh4 26. g3 Bxe4+ 27. Kg1
Qg4 28. Nxe4 Qxe4 29. c3 Qg6 30. Nd4 Rb6 31. Rf1 Rfb8 32. Nf3 Bf6 33. Qe2 d5
34. Qd2 Qd3 35. Qxd3 cxd3 36. b4 Rc8 37. Rbc1 Rbc6 38. Rfd1 Rxc3 39. Rxc3 Rxc3
40. Ne1 Rxa3 41. Nxd3 Ra1 42. Rxa1 Bxa1 43. Kf1 Kf7 44. Nc5 Ke7 45. Nxa6 Kd6
46. b5 Bd4 47. Ke2 e5 48. Kd3 Bb6 49. h3 e4+ 50. Ke2 d4 51. Nb8 Kc5 52. Nd7+
Kxb5 0-1

[Event "XXXV Memorial Edoardo Crespi B"]
[Site "Milano ITA"]
[Date "2014.12.04"]
[Round "1"]
[White "Altissimo, Dino"]
[Black "Izzo, Riccardo"]
[WhiteElo "1444"]
[BlackElo "1647"]
[Result "0-1"]
[PlyCount "54"]
[EventDate "2014.12.06"]

1. e4 e5 2. Nf3 Nf6 3. d3 Nc6 4. Be2 h6 5. Nbd2 Bc5 6. Nb3 Bb6 7. Nh4 O-O 8.
Nf5 d6 9. Bh5 Nxh5 10. Qxh5 Qf6 11. Qf3 Bxf5 12. exf5 Rab8 13. Be3 e4 14. dxe4
Qxb2 15. O-O Bxe3 16. fxe3 Qxc2 17. Qf4 Rfe8 18. Rf2 Qxe4 19. Qg3 Qxe3 20. Raf1
Qxg3 21. hxg3 Re3 22. Kh2 Ne5 23. Kh3 c5 24. Rf4 b5 25. Kh4 g5+ 26. fxg6 Nxg6+
27. Kh5 Nxf4+ 0-1

[Event "XXXV Memorial Edoardo Crespi B"]
[Site "Milano ITA"]
[Date "2014.12.04"]
[Round "1"]
[White "Baccarin, Stefano"]
[Black "Palvarini, Mario"]
[WhiteElo "1673"]
[BlackElo "1479"]
[Result "1-0"]
[PlyCount "105"]
[EventDate "2014.12.06"]

1. e4 e5 2. Nf3 Nc6 3. Bb5 d6 4. c3 Bd7 5. O-O Nf6 6. Re1 Be7 7. d4 exd4 8.
cxd4 O-O 9. Nc3 Bg4 10. Be3 a6 11. Bd3 h6 12. h3 Bh5 13. Kh1 Qd7 14. Rc1 Nb4
15. Bb1 Nh7 16. a3 Nc6 17. g4 Bg6 18. Bf4 h5 19. Nh2 hxg4 20. Nxg4 Nf6 21. f3
Nh5 22. Bh2 Bg5 23. Rc2 Rfe8 24. Rg2 Bf4 25. Nd5 Bxh2 26. Kxh2 Ne7 27. Nde3 Nf4
28. Rf2 Bh5 29. Ng2 Neg6 30. Qd2 Nxg2 31. Rxg2 Qe7 32. Qf2 Nf4 33. Rgg1 g6 34.
e5 Kg7 35. Qg3 Bxg4 36. Qxg4 dxe5 37. dxe5 Ne6 38. Bxg6 fxg6 39. Qxg6+ Kh8 40.
Qh6+ Qh7 41. Qf6+ Ng7 42. Re4 Rf8 43. Qg5 Rf5 44. Qe7 Rh5 45. Rg3 Qh6 46. Reg4
Rg8 47. Qf6 Kh7 48. Qe7 Qd2+ 49. Rg2 Qh6 50. Qf7 Kh8 51. Qxc7 b5 52. e6 Qf6 53.
e7 1-0

[Event "XXXV Memorial Edoardo Crespi B"]
[Site "Milano ITA"]
[Date "2014.12.04"]
[Round "1"]
[White "Biffi, Roberto"]
[Black "Valtemara, Mattia Angelo"]
[WhiteElo "1645"]
[BlackElo "1444"]
[Result "1-0"]
[PlyCount "77"]
[EventDate "2014.12.06"]

1. d4 d5 2. c4 c6 3. Nc3 Nf6 4. Nf3 e6 5. Bg5 Be7 6. e3 Nbd7 7. Qc2 O-O 8. c5
Re8 9. Bd3 b6 10. b4 bxc5 11. bxc5 h6 12. Bh4 Qc7 13. Bg3 Qd8 14. O-O Bf8 15.
e4 Nh5 16. Ne2 Nxg3 17. Nxg3 Nf6 18. e5 Nd7 19. Rab1 Qc7 20. Rb3 Bb7 21. Rfb1
Reb8 22. Nd2 Bc8 23. Qc3 Rxb3 24. Rxb3 Rb8 25. f4 Rxb3 26. Nxb3 Be7 27. f5 Nf8
28. Qd2 exf5 29. Nxf5 Bxf5 30. Bxf5 Ne6 31. Bxe6 fxe6 32. Qa5 Qb7 33. h3 Qb8
34. Qa4 Qb7 35. Kh2 Bg5 36. Kg3 Qb5 37. Qxb5 cxb5 38. c6 Bd8 39. Nc5 1-0

[Event "XXXV Memorial Edoardo Crespi B"]
[Site "Milano ITA"]
[Date "2014.12.04"]
[Round "1"]
[White "Brisotto, Stefano"]
[Black "Cerutti, Fabio Maria"]
[WhiteElo "1472"]
[BlackElo "1659"]
[Result "0-1"]
[PlyCount "104"]
[EventDate "2014.12.06"]

1. e4 c5 2. c3 Nf6 3. e5 Nd5 4. d4 cxd4 5. Nf3 Nc6 6. cxd4 d6 7. Bc4 Nb6 8. Bb5
dxe5 9. Nxe5 Bd7 10. Nxd7 Qxd7 11. O-O a6 12. Bxc6 Qxc6 13. Nc3 e6 14. Qg4 g6
15. Bg5 Bg7 16. Rac1 Qd7 17. Rfd1 h6 18. Be3 Rd8 19. d5 Nxd5 20. Nxd5 exd5 21.
Qxd7+ Rxd7 22. Rc8+ Ke7 23. Rxh8 Bxh8 24. Bxh6 Bxb2 25. Bg5+ Kd6 26. h4 f6 27.
Bc1 Bxc1 28. Rxc1 d4 29. Kf1 Re7 30. Re1 Rh7 31. g3 Rc7 32. Re2 Rc1+ 33. Re1
Rc2 34. Rd1 Kd5 35. a4 Ra2 36. Rb1 Rxa4 37. Rxb7 d3 38. Ke1 Ra2 39. Rd7+ Ke4
40. f3+ Ke3 41. Re7+ Kxf3 42. Rd7 d2+ 43. Kd1 Kxg3 44. Rd6 Kxh4 45. Rxf6 g5 46.
Rh6+ Kg3 47. Rg6 g4 48. Ke2 Kh3 49. Rh6+ Kg2 50. Rg6 g3 51. Rh6 Kg1 52. Rh7 g2
0-1

[Event "XXXV Memorial Edoardo Crespi B"]
[Site "Milano ITA"]
[Date "2014.12.04"]
[Round "1"]
[White "Cagnotto, Marco"]
[Black "Poletto, Daniele"]
[WhiteElo "1560"]
[BlackElo "1709"]
[Result "1/2-1/2"]
[PlyCount "37"]
[EventDate "2014.12.06"]

1. e4 c5 2. Nc3 Nc6 3. g3 g6 4. Bg2 Bg7 5. Nge2 e5 6. d3 d6 7. O-O Nge7 8. Bd2
O-O 9. Qc1 Be6 10. h3 Qd7 11. Kh2 f5 12. f4 a6 13. a4 Rab8 14. Nd5 b5 15. axb5
axb5 16. c3 fxe4 17. dxe4 b4 18. Qc2 bxc3 19. bxc3 1/2-1/2

[Event "XXXV Memorial Edoardo Crespi B"]
[Site "Milano ITA"]
[Date "2014.12.04"]
[Round "1"]
[White "Calabrese, Maurizio"]
[Black "Carli, Federico"]
[WhiteElo "1477"]
[BlackElo "1671"]
[Result "0-1"]
[PlyCount "92"]
[EventDate "2014.12.06"]

1. d4 d5 2. c4 c6 3. Nc3 Nf6 4. g3 Bf5 5. cxd5 cxd5 6. Bg2 e6 7. f3 Nc6 8. a3
Be7 9. e3 O-O 10. Nge2 Re8 11. O-O Qd7 12. e4 dxe4 13. fxe4 Bg4 14. Bg5 h6 15.
Be3 Bxe2 16. Nxe2 Ng4 17. Bc1 e5 18. h3 Nf6 19. d5 Bc5+ 20. Kh2 Nd4 21. Nc3 a6
22. b4 Ba7 23. Rb1 b5 24. Qd3 Rac8 25. Be3 Rc4 26. h4 Ng4+ 27. Kh1 Nxe3 28.
Qxe3 Rec8 29. Nd1 Nf5 30. Qe1 Nd4 31. Ne3 Rc3 32. Nf5 Nc2 33. Bh3 Qc7 34. Qd1
Kh7 35. Qg4 f6 36. Qh5 Nxa3 37. Nxh6 gxh6 38. Bf5+ Kg8 39. Be6+ Kh8 40. d6 Qh7
41. Bf5 Qg7 42. d7 Rg8 43. Rbd1 Bb6 44. Rd6 Rxg3 45. Rf3 Rg1+ 46. Kh2 Qg2# 0-1

[Event "XXXV Memorial Edoardo Crespi B"]
[Site "Milano ITA"]
[Date "2014.12.04"]
[Round "1"]
[White "Casamassima, Paolo"]
[Black "Rigotti, Gianluigi"]
[WhiteElo "1709"]
[BlackElo "1564"]
[Result "0-1"]
[PlyCount "34"]
[EventDate "2014.12.06"]

1. d4 f5 2. c4 Nf6 3. Nc3 d6 4. g3 g6 5. Bg2 c6 6. Nf3 Bg7 7. O-O O-O 8. Re1
Nbd7 9. Qb3 Qb6 10. Qa3 a5 11. b3 Qb4 12. Qb2 c5 13. e3 e5 14. Na4 Nb6 15. Nxb6
Qxb6 16. Bd2 e4 17. Nh4 g5 0-1

[Event "XXXV Memorial Edoardo Crespi B"]
[Site "Milano ITA"]
[Date "2014.12.04"]
[Round "1"]
[White "Cervini, Gian Piero"]
[Black "Simeone, Giulio Maria"]
[WhiteElo "1782"]
[BlackElo "1612"]
[Result "1-0"]
[PlyCount "25"]
[EventDate "2014.12.06"]

1. e4 e6 2. d4 d5 3. Nc3 dxe4 4. Nxe4 Nd7 5. Nf3 Ngf6 6. Nc3 c5 7. Bg5 Qb6 8.
Na4 Qa5+ 9. c3 b5 10. Nxc5 Nxc5 11. dxc5 Ne4 12. b4 Qa6 13. Qd8# 1-0

[Event "XXXV Memorial Edoardo Crespi B"]
[Site "Milano ITA"]
[Date "2014.12.04"]
[Round "1"]
[White "Ciuffreda, Riccardo"]
[Black "Pili, Giangiuseppe"]
[WhiteElo "1481"]
[BlackElo "1678"]
[Result "0-1"]
[PlyCount "80"]
[EventDate "2014.12.06"]

1. e4 c6 2. d4 d5 3. exd5 cxd5 4. Bd3 Nc6 5. c3 Nf6 6. h3 e6 7. Bf4 Bd6 8. Bxd6
Qxd6 9. Nf3 O-O 10. O-O a6 11. a3 Bd7 12. Nbd2 b5 13. b4 e5 14. dxe5 Nxe5 15.
Nxe5 Qxe5 16. Qc2 Rac8 17. Rac1 Qh5 18. Qd1 Rfe8 19. Nb3 Qg5 20. Kh1 Qh4 21.
Qf3 Ne4 22. Bxe4 dxe4 23. Qe3 f5 24. Qa7 Be6 25. Nd4 f4 26. Nxe6 Rxe6 27. Kh2
Qf6 28. Rfe1 e3 29. fxe3 fxe3 30. Rf1 Qe5+ 31. Kh1 Rc7 32. Qb8+ Re8 33. Rf5 Qe7
34. Qb6 e2 35. Qf2 Rxc3 36. Rc5 e1=Q+ 37. Rxe1 Qxe1+ 38. Qxe1 Rxe1+ 39. Kh2
Rxc5 40. bxc5 Rc1 0-1

[Event "XXXV Memorial Edoardo Crespi B"]
[Site "Milano ITA"]
[Date "2014.12.04"]
[Round "1"]
[White "Colica, Daniele"]
[Black "Pipitone, Filippo Massimo"]
[WhiteElo "1705"]
[BlackElo "1545"]
[Result "1/2-1/2"]
[PlyCount "70"]
[EventDate "2014.12.06"]

1. Nf3 d5 2. b3 c6 3. Bb2 e6 4. e3 Nf6 5. Be2 Bd6 6. O-O O-O 7. d4 Nbd7 8. c4
Ne4 9. Nbd2 Ndf6 10. Ne5 Qe7 11. f3 Nxd2 12. Qxd2 Nd7 13. f4 f6 14. Nd3 Rd8 15.
Nf2 f5 16. Nd3 Nf6 17. Bf3 Bd7 18. Ne5 Be8 19. Qe2 a6 20. c5 Bc7 21. b4 b6 22.
Rfc1 b5 23. a4 Bd7 24. Ra2 Bxe5 25. fxe5 Ne4 26. Bxe4 fxe4 27. axb5 axb5 28.
Rca1 Rxa2 29. Rxa2 Be8 30. Qg4 h5 31. Qh3 g5 32. Bc3 Bg6 33. Be1 Rf8 34. Rf2
Rxf2 35. Bxf2 Kg7 1/2-1/2

[Event "XXXV Memorial Edoardo Crespi B"]
[Site "Milano ITA"]
[Date "2014.12.04"]
[Round "1"]
[White "Colombo, Abner"]
[Black "Rizzi, Domenico"]
[WhiteElo "1307"]
[BlackElo "1624"]
[Result "0-1"]
[PlyCount "26"]
[EventDate "2014.12.06"]

1. e4 e5 2. d4 exd4 3. c3 dxc3 4. Nxc3 d6 5. Bc4 Nf6 6. h3 Nc6 7. Bf4 Be7 8. g4
h6 9. f3 Nh7 10. Nce2 Bh4+ 11. Ng3 g5 12. Qd2 Qf6 13. N1e2 gxf4 0-1

[Event "XXXV Memorial Edoardo Crespi B"]
[Site "Milano ITA"]
[Date "2014.12.04"]
[Round "1"]
[White "Conta, Diego"]
[Black "Nikonov, Maxim"]
[WhiteElo "1654"]
[BlackElo "1449"]
[Result "0-1"]
[PlyCount "54"]
[EventDate "2014.12.06"]

1. e4 c6 2. d4 d5 3. exd5 cxd5 4. Bd3 Nc6 5. c3 Nf6 6. Nf3 Bg4 7. h3 Bh5 8.
Nbd2 e6 9. b4 Be7 10. a4 O-O 11. O-O Rc8 12. Re1 Re8 13. Nf1 Bd6 14. Bg5 e5 15.
dxe5 Nxe5 16. Be2 Rxc3 17. Nxe5 Bxe2 18. Rxe2 Rxe5 19. Rxe5 Bxe5 20. Qe1 Qd6
21. Rc1 Ne4 22. Rxc3 Bxc3 23. Qe3 Bxb4 24. Bf4 Qc5 25. Qe2 Qa5 26. Qc2 Qd8 27.
f3 Nf6 0-1

[Event "XXXV Memorial Edoardo Crespi B"]
[Site "Milano ITA"]
[Date "2014.12.04"]
[Round "1"]
[White "Costanza, Calogero"]
[Black "Maccari, Piergiuseppe"]
[WhiteElo "1579"]
[BlackElo "1714"]
[Result "0-1"]
[PlyCount "58"]
[EventDate "2014.12.06"]

1. d4 Nf6 2. c4 g6 3. Nc3 d5 4. cxd5 Nxd5 5. e4 Nxc3 6. bxc3 Bg7 7. Be3 O-O 8.
Be2 c5 9. Nf3 Nc6 10. Qd2 Qa5 11. O-O cxd4 12. cxd4 Qxd2 13. Nxd2 Nxd4 14. Bxd4
Bxd4 15. Rad1 Be6 16. Bc4 Bxc4 17. Nxc4 Rfd8 18. Rb1 b6 19. Kh1 Rac8 20. Na3 a6
21. f3 Rc3 22. Rb3 Rdc8 23. g3 Rxb3 24. axb3 Rc3 25. Kg2 Rxb3 26. Nb1 a5 27.
Kh3 a4 28. Nd2 Rd3 29. Nc4 a3 0-1

[Event "XXXV Memorial Edoardo Crespi B"]
[Site "Milano ITA"]
[Date "2014.12.04"]
[Round "1"]
[White "Del Frate, Walter"]
[Black "Torelli, Mauro"]
[WhiteElo "1536"]
[BlackElo "1702"]
[Result "0-1"]
[PlyCount "76"]
[EventDate "2014.12.06"]

1. e4 e6 2. d4 d5 3. Nd2 Nf6 4. e5 Nfd7 5. Bd3 c5 6. c3 Nc6 7. Ne2 Qb6 8. Nf3
cxd4 9. cxd4 Nb4 10. Bb1 f6 11. exf6 Nxf6 12. a3 Qa6 13. O-O Bd7 14. Re1 Ne4
15. Ne5 Bd6 16. Bf4 Nc6 17. f3 Nf6 18. Nxd7 Kxd7 19. Bc2 Rae8 20. Rc1 Qb6 21.
Bxd6 Kxd6 22. b4 e5 23. Kh1 Nxd4 24. Nxd4 Qxd4 25. Qxd4 exd4 26. Red1 Re2 27.
Bf5 Rhe8 28. Kg1 g6 29. Bd3 Ra2 30. Bb5 Re3 31. Rxd4 Raxa3 32. Kf2 Ke5 33. Rcd1
Reb3 34. g4 Rb2+ 35. Kg3 g5 36. h4 Ne4+ 37. Rxe4+ dxe4 38. hxg5 Rxf3+ 0-1

[Event "XXXV Memorial Edoardo Crespi B"]
[Site "Milano ITA"]
[Date "2014.12.04"]
[Round "1"]
[White "Esposito, Giuseppe"]
[Black "Viotti, Alberto"]
[WhiteElo "1718"]
[BlackElo "1583"]
[Result "1-0"]
[PlyCount "57"]
[EventDate "2014.12.06"]

1. e4 c6 2. d4 d5 3. Nc3 dxe4 4. Nxe4 Bf5 5. Ng3 Bg6 6. Nh3 h6 7. Nf4 Bh7 8.
Bd3 Bxd3 9. Qxd3 Nf6 10. O-O e6 11. Re1 Be7 12. Nxe6 fxe6 13. Qg6+ Kd7 14. Bf4
Na6 15. Re2 Nc7 16. Rae1 Qe8 17. Qd3 Nfd5 18. Be5 Bf6 19. c4 Bxe5 20. cxd5 Bxg3
21. dxe6+ Ke7 22. Qxg3 Kd8 23. Qxg7 Kc8 24. e7 b6 25. Qxh8 Qxh8 26. e8=Q+ Nxe8
27. Rxe8+ Qxe8 28. Rxe8+ Kb7 29. Rxa8 1-0

[Event "XXXV Memorial Edoardo Crespi B"]
[Site "Milano ITA"]
[Date "2014.12.04"]
[Round "1"]
[White "Fantina, Carla"]
[Black "Pavlidis, Pavlos"]
[WhiteElo "1359"]
[BlackElo "1626"]
[Result "0-1"]
[PlyCount "46"]
[EventDate "2014.12.06"]

1. c4 e5 2. Nc3 Nc6 3. g3 g6 4. Bg2 Bg7 5. e3 d6 6. Nge2 Nge7 7. O-O O-O 8. h3
Be6 9. d3 Qd7 10. Kh2 f5 11. f4 d5 12. cxd5 Nxd5 13. a3 Rad8 14. Na4 Qe7 15.
Qc2 Rb8 16. Nc5 Qd6 17. Nxe6 Qxe6 18. Qc4 Nce7 19. Nc3 c6 20. e4 fxe4 21. dxe4
Nxf4 22. Qxe6+ Nxe6 23. Bg5 Nxg5 0-1

[Event "XXXV Memorial Edoardo Crespi B"]
[Site "Milano ITA"]
[Date "2014.12.04"]
[Round "1"]
[White "Galliani, William"]
[Black "Silari, Andrea"]
[WhiteElo "1589"]
[BlackElo "1719"]
[Result "0-1"]
[PlyCount "100"]
[EventDate "2014.12.06"]

1. e4 c5 2. Nc3 Nc6 3. d3 g6 4. g3 Bg7 5. Bg2 e6 6. f4 Nge7 7. Nf3 O-O 8. O-O
d5 9. e5 a6 10. a4 b6 11. g4 Bb7 12. Qe1 Nb4 13. Qf2 Rc8 14. b3 Qd7 15. Bb2 Rc7
16. Rfd1 Rfc8 17. Rd2 Bh6 18. Ng5 Bg7 19. Nf3 b5 20. axb5 axb5 21. h3 c4 22.
Ba3 Nxc2 23. Rxc2 cxb3 24. Rcc1 Rxc3 25. Rxc3 Rxc3 26. Qh4 Nc6 27. d4 b4 28.
Bb2 Rc2 29. Rb1 Na5 30. Ne1 Nc4 31. Nd3 Nxb2 32. Rxb2 Rxb2 33. Nxb2 Qc8 34. Qf2
Qc2 35. Bf1 Qc3 36. Bb5 Bc6 37. Bxc6 Qxc6 38. Qd2 Bf8 39. Kf1 Be7 40. Ke2 Qc3
41. Nd3 Qxd4 42. Qe3 Qxe3+ 43. Kxe3 Kf8 44. Kd2 Ke8 45. Kc1 Kd7 46. Kb2 Kc6 47.
Kxb3 Kb5 48. h4 Bxh4 49. Nxb4 Kc5 50. Na6+ Kd4 0-1

[Event "XXXV Memorial Edoardo Crespi B"]
[Site "Milano ITA"]
[Date "2014.12.04"]
[Round "1"]
[White "Guglielmetti, Oscar"]
[Black "Figini, Vittorio"]
[WhiteElo "1669"]
[BlackElo "1477"]
[Result "1-0"]
[PlyCount "69"]
[EventDate "2014.12.06"]

1. Nf3 c5 2. g3 Nf6 3. Bg2 e6 4. O-O Nc6 5. d3 Qc7 6. Nc3 a6 7. e4 d6 8. h3 b5
9. e5 dxe5 10. Nxe5 Bb7 11. Nxc6 Bxc6 12. Bf4 Bd6 13. Bxc6+ Qxc6 14. Bxd6 Qxd6
15. Qf3 O-O 16. Rae1 Rad8 17. Re2 Rfe8 18. Rfe1 Re7 19. Re5 Red7 20. Qe3 Rc7
21. f4 Qd4 22. Kg2 h6 23. Qf3 Qd6 24. f5 Qc6 25. fxe6 Qxf3+ 26. Kxf3 fxe6 27.
Rxe6 Ra7 28. g4 Kf7 29. Rc6 c4 30. dxc4 Rd2 31. Re2 Rdd7 32. cxb5 axb5 33. a3
Rab7 34. Ne4 Nd5 35. Nd6+ 1-0

[Event "XXXV Memorial Edoardo Crespi B"]
[Site "Milano ITA"]
[Date "2014.12.04"]
[Round "1"]
[White "Invernizzi, Ferruccio"]
[Black "Strada, Giorgio"]
[WhiteElo "1598"]
[BlackElo "1269"]
[Result "0-1"]
[PlyCount "52"]
[EventDate "2014.12.06"]

1. e4 e5 2. Nf3 Nc6 3. d4 exd4 4. Nxd4 Nf6 5. Nxc6 bxc6 6. Bd3 Bc5 7. O-O O-O
8. Bg5 Be7 9. Nc3 Re8 10. Qd2 h6 11. Be3 Bb4 12. f3 d5 13. exd5 cxd5 14. Bd4 c5
15. Bxf6 Qxf6 16. a3 Ba5 17. Bb5 Rd8 18. Qd1 Bxc3 19. bxc3 Qxc3 20. Bc6 Rb8 21.
Re1 Be6 22. Kh1 Qa5 23. a4 a6 24. Rb1 Rb6 25. Rxb6 Qxb6 26. Bxd5 Rxd5 0-1

[Event "XXXV Memorial Edoardo Crespi B"]
[Site "Milano ITA"]
[Date "2014.12.04"]
[Round "1"]
[White "Lamperti, Gianloris"]
[Black "Carbone, Lorenzo"]
[WhiteElo "1700"]
[BlackElo "1594"]
[Result "1/2-1/2"]
[PlyCount "70"]
[EventDate "2014.12.06"]

1. d4 d5 2. c4 e6 3. Nc3 Nf6 4. cxd5 exd5 5. Bg5 Be7 6. Nf3 O-O 7. e3 b6 8. Be2
Bb7 9. O-O Nbd7 10. Qc2 h6 11. Bh4 a5 12. Rac1 c6 13. Rfd1 Ba6 14. a3 Bxe2 15.
Nxe2 Rc8 16. Ne5 Nb8 17. Qb3 g5 18. Bg3 Ne4 19. Nc3 Nxg3 20. hxg3 Bd6 21. f4
Re8 22. Na4 b5 23. Nc5 Kg7 24. Nb7 Qe7 25. Nxd6 Qxd6 26. Qc2 Nd7 27. Qf5 Nxe5
28. dxe5 Qe6 29. Qxe6 Rxe6 30. Rxd5 f6 31. Rxb5 cxb5 32. exf6+ Kxf6 33. Rxc8
Rxe3 34. Kf2 Rb3 35. Rc2 Kf5 1/2-1/2

[Event "XXXV Memorial Edoardo Crespi B"]
[Site "Milano ITA"]
[Date "2014.12.04"]
[Round "1"]
[White "Lavorgna, Francesco"]
[Black "Pirovano, Ezio"]
[WhiteElo "1700"]
[BlackElo "1528"]
[Result "1-0"]
[PlyCount "63"]
[EventDate "2014.12.06"]

1. c4 Nf6 2. Nc3 e6 3. e4 d5 4. e5 d4 5. exf6 dxc3 6. fxg7 Bxg7 7. dxc3 Qxd1+
8. Kxd1 O-O 9. Kc2 b6 10. Bd3 Bb7 11. f3 Nd7 12. Be3 Rad8 13. Ne2 Ne5 14. Rad1
Nxd3 15. Rxd3 Rxd3 16. Kxd3 Rd8+ 17. Kc2 Ba6 18. b3 c5 19. Rd1 Rxd1 20. Kxd1
Bb7 21. Kd2 Be5 22. Bf4 Bxf4+ 23. Nxf4 Kg7 24. Ke3 Kf6 25. Nh5+ Kg5 26. Ng3 e5
27. Ne4+ Bxe4 28. Kxe4 Kf6 29. Kd5 h6 30. b4 cxb4 31. cxb4 Kf5 32. c5 1-0

[Event "XXXV Memorial Edoardo Crespi B"]
[Site "Milano ITA"]
[Date "2014.12.04"]
[Round "1"]
[White "Libutti, Michele"]
[Black "Zaccheroni, Dario"]
[WhiteElo "1764"]
[BlackElo "1599"]
[Result "1/2-1/2"]
[PlyCount "110"]
[EventDate "2014.12.06"]

1. d4 Nf6 2. c4 e6 3. Nc3 Bb4 4. e3 d5 5. Nf3 Bd7 6. Bd3 dxc4 7. Bxc4 c5 8. O-O
cxd4 9. exd4 Bc6 10. a3 Bxc3 11. bxc3 Nbd7 12. Bg5 h6 13. Bh4 Qa5 14. Qb3 Bxf3
15. gxf3 Qb6 16. Qxb6 Nxb6 17. Bb5+ Nfd7 18. Rab1 f6 19. Rfe1 Kf7 20. Bxd7 Nxd7
21. Rxb7 Ke7 22. d5 e5 23. Rxe5+ Kd6 24. Re2 Ne5 25. Bg3 Kxd5 26. Bxe5 Rhe8 27.
Rxg7 fxe5 28. Rd7+ Kc4 29. Rc7+ Kb3 30. Rc5 Kxa3 31. Rcxe5 Rxe5 32. Rxe5 a5 33.
Rb5 Ka4 34. Rh5 Kb3 35. Rxh6 a4 36. Rb6+ Kxc3 37. h4 a3 38. Rc6+ Kd4 39. Rd6+
Ke5 40. Rd1 Kf4 41. Kg2 a2 42. Ra1 Ke5 43. Kg3 Kd4 44. h5 Kc3 45. Kg4 Kb2 46.
Rh1 Rc8 47. Re1 Rc1 48. Re2+ Rc2 49. Re1 Rxf2 50. h6 a1=Q 51. Rxa1 Kxa1 52. f4
Kb2 53. Kg5 Kc3 54. h7 Rh2 55. Kg6 Kd4 1/2-1/2

[Event "XXXV Memorial Edoardo Crespi B"]
[Site "Milano ITA"]
[Date "2014.12.04"]
[Round "1"]
[White "Luscenkovs, Artjoms"]
[Black "Versari, Marino"]
[WhiteElo "1712"]
[BlackElo "1577"]
[Result "1-0"]
[PlyCount "47"]
[EventDate "2014.12.06"]

1. d4 d5 2. Bg5 Nf6 3. Bxf6 exf6 4. e3 Bd6 5. Bd3 Be6 6. Nd2 Nd7 7. c3 O-O 8.
Qf3 g6 9. g4 Re8 10. Ne2 c6 11. h4 h6 12. O-O-O a5 13. Nf4 Nf8 14. Rdg1 b5 15.
g5 Bxf4 16. Qxf4 fxg5 17. hxg5 h5 18. Rxh5 gxh5 19. g6 f6 20. Qh6 Nd7 21. Qh7+
Kf8 22. g7+ Ke7 23. g8=Q+ Kd6 24. Qg3+ 1-0

[Event "XXXV Memorial Edoardo Crespi B"]
[Site "Milano ITA"]
[Date "2014.12.04"]
[Round "1"]
[White "Madaschi, Sergio"]
[Black "Lapitan, Eusebio"]
[WhiteElo "1498"]
[BlackElo "1690"]
[Result "0-1"]
[PlyCount "40"]
[EventDate "2014.12.06"]

1. d4 g6 2. c4 Bg7 3. Nc3 Nf6 4. e4 d6 5. Nf3 O-O 6. Be2 c6 7. O-O Qc7 8. Be3
Nbd7 9. Qd2 Ng4 10. Bf4 e5 11. Bg3 exd4 12. Nxd4 Ngf6 13. h3 Nc5 14. Bf3 a5 15.
e5 dxe5 16. Rfe1 Nfd7 17. a3 Qb6 18. b4 exd4 19. bxc5 dxc3 20. Qc2 Nxc5 0-1

[Event "XXXV Memorial Edoardo Crespi B"]
[Site "Milano ITA"]
[Date "2014.12.04"]
[Round "1"]
[White "Mapelli, Davide"]
[Black "Pandini, Giuseppe"]
[WhiteElo "1576"]
[BlackElo "1712"]
[Result "0-1"]
[PlyCount "116"]
[EventDate "2014.12.06"]

1. e4 b6 2. d4 e6 3. Nf3 Bb7 4. Bd3 g6 5. Bf4 Bg7 6. c3 Ne7 7. Nbd2 a6 8. O-O
d6 9. Bc2 Nd7 10. Re1 O-O 11. Nf1 b5 12. Qd2 Nb6 13. b3 Rc8 14. Rad1 Qd7 15.
Ng3 Rfd8 16. Qe3 Qe8 17. e5 d5 18. Bg5 Rd7 19. Bf6 Qf8 20. Qg5 Kh8 21. Qh6 Ng8
22. Bxg7+ Qxg7 23. Qxg7+ Kxg7 24. Bd3 c5 25. Rc1 Rdc7 26. Ne2 c4 27. Bb1 cxb3
28. axb3 Ne7 29. Bd3 Nc6 30. Nd2 Na5 31. b4 Nc6 32. Nb3 Ne7 33. Nc5 Nd7 34. Nb3
Rb8 35. Na5 Nb6 36. Nb3 Nec8 37. Nc5 Nd7 38. Nb3 Ncb6 39. Na5 Ba8 40. Rc2 Rbc8
41. Rec1 Na4 42. f4 Ndb6 43. Kf2 Nc4 44. Bxc4 dxc4 45. Ng3 h5 46. Ke3 Nb6 47.
Ne4 Nd5+ 48. Kf3 Rh8 49. Re1 h4 50. Kg4 Rh5 51. Nd6 f5+ 52. exf6+ Nxf6+ 53. Kh3
Bd5 54. Re5 Rh8 55. Rce2 Rd7 56. Nab7 Bxb7 57. Nxb7 Rxb7 58. Rxe6 Nd5 0-1

[Event "XXXV Memorial Edoardo Crespi B"]
[Site "Milano ITA"]
[Date "2014.12.04"]
[Round "1"]
[White "Orlandini, Andrea"]
[Black "Marcuzzo, Stefano"]
[WhiteElo "1637"]
[BlackElo "1428"]
[Result "1-0"]
[PlyCount "59"]
[EventDate "2014.12.06"]

1. e4 e6 2. d4 d5 3. Nc3 Nf6 4. Bg5 dxe4 5. Nxe4 Be7 6. Nxf6+ Bxf6 7. Bxf6 Qxf6
8. Nf3 O-O 9. Be2 Nc6 10. c3 b6 11. O-O Bb7 12. Qc2 Ne7 13. Ne5 Qg5 14. Bf3 Nd5
15. c4 Nb4 16. Qc3 Bxf3 17. Nxf3 Qe7 18. a3 Nc6 19. Rfe1 Qf6 20. b4 Rad8 21.
Rad1 Ne7 22. a4 Nf5 23. Ne5 a6 24. c5 b5 25. axb5 axb5 26. c6 Rfe8 27. Qc5 Rd5
28. Nd7 Qxd4 29. Qxd5 Qxd5 30. Rxd5 1-0

[Event "XXXV Memorial Edoardo Crespi B"]
[Site "Milano ITA"]
[Date "2014.12.04"]
[Round "1"]
[White "Pasini, Nicolo'"]
[Black "Frignani, Alessandro"]
[WhiteElo "1631"]
[BlackElo "1389"]
[Result "1-0"]
[PlyCount "85"]
[EventDate "2014.12.06"]

1. e4 e5 2. Nf3 Qf6 3. Bc4 Bc5 4. d3 h6 5. Nc3 c6 6. O-O d6 7. Ne2 Bb6 8. Ng3
g6 9. Re1 Bg4 10. c3 Nd7 11. h3 Be6 12. Bxe6 Qxe6 13. d4 Ne7 14. a4 a5 15. Be3
c5 16. d5 Qf6 17. Qd2 h5 18. b4 Qg7 19. Nh4 f6 20. Reb1 Ra7 21. Ra2 Kf7 22. f4
exf4 23. Bxf4 cxb4+ 24. Be3 bxc3 25. Qxc3 Bxe3+ 26. Qxe3 Nc5 27. Rb6 Nc8 28.
Nhf5 gxf5 29. Nxf5 Qf8 30. Nxd6+ Nxd6 31. Qxc5 Nxe4 32. Qd4 Qe7 33. Re6 Qc5 34.
Rxe4 Qxd4+ 35. Rxd4 b6 36. Rb2 Rb8 37. d6 Rd7 38. Rb5 Kg6 39. Kf2 h4 40. Kf3
Rbb7 41. Rg4+ Kf7 42. Rxh4 Rxd6 43. Rh7+ 1-0

[Event "XXXV Memorial Edoardo Crespi B"]
[Site "Milano ITA"]
[Date "2014.12.04"]
[Round "1"]
[White "Staunovo, Daniele"]
[Black "Confalonieri, Luca"]
[WhiteElo "1513"]
[BlackElo "1699"]
[Result "1-0"]
[PlyCount "71"]
[EventDate "2014.12.06"]

1. e4 e5 2. Nf3 Nc6 3. Bb5 a6 4. Ba4 b5 5. Bb3 Nf6 6. O-O d6 7. Re1 Be7 8. c3
O-O 9. h3 Bb7 10. d4 exd4 11. cxd4 Na5 12. Bc2 d5 13. e5 Ne4 14. Nc3 Bb4 15. a3
Nxc3 16. bxc3 Be7 17. Qd3 g6 18. Bh6 Re8 19. Qe3 Nc4 20. Qf4 Bc8 21. Ng5 Bxg5
22. Bxg5 Qd7 23. Bf6 Qe7 24. Qh6 Qf8 25. Qf4 Nxa3 26. Bd3 Nc4 27. g4 Nb6 28. h4
Nd7 29. h5 Nxf6 30. exf6 Rxe1+ 31. Rxe1 Be6 32. hxg6 hxg6 33. Kg2 Qd6 34. Qh6
Qf8 35. Qh4 Bxg4 36. Qxg4 1-0